maimai/舞萌DX国服14+难度曲目 - Statistics

General Stats
  • This quiz has been taken 165 times
  • The average score is 23 of 35
Answer Stats
版本 难度 定数 曲名 % Correct
FiNALE Re:MASTER 14.9 QZKago Requiem
95%
FiNALE Master 14.8 QZKago Requiem
95%
FiNALE Master 14.9 PANDORA PARADOXXX
88%
FiNALE Re:MASTER 14.9 the EmpErroR
84%
FiNALE Master 14.8 the EmpErroR
84%
MURASAKi Master 14.8 Our Wrenally
74%
FESTiVAL Master 14.9 sølips
74%
FiNALE Re:MASTER 14.8 Alea jacta est!
72%
Splash Master 14.8 封焔の135秒
71%
PiNK+ Master 14.7 AMAZING MIGHTYYYY!!!!
71%
FiNALE Re:MASTER 14.9 Schwarzschild
71%
GreeN Re:MASTER 14.8 Garakuta Doll Play
70%
PiNK Master 14.8 Glorious Crown
70%
FiNALE Re:MASTER 14.8 雷切-RAIKIRI-
70%
MiLK Master 14.8 Excalibur ~Revived resolution~
69%
MiLK+ Master 14.8 larva
69%
MiLK+ Master 14.8 SILENT BLUE
68%
DX Master 14.7 TEmPTaTiON
68%
Splash Master 14.7 BREaK! BREaK! BREaK!
66%
maimai Re:MASTER 14.8 In Chaos
64%
DX Master 14.7 Valsqotch
64%
FESTiVAL Master 14.9 World's end loneliness
64%
UNiVERSE Master 14.9 躯樹の墓守
63%
FESTiVAL Master 14.7 ViRTUS
63%
UNiVERSE Master 14.7 Lia=Fail
62%
Splash Master 14.7 Regulus
60%
ORANGE+ Re:MASTER 14.7 ガラテアの螺旋
59%
UNiVERSE Master 14.8 Heavenly Blast
58%
UNiVERSE Master 14.7 GIGANTØMAKHIA
57%
UNiVERSE Master 14.7 VIIIbit Explorer
57%
MiLK+ Master 14.8 怒槌
55%
FESTiVAL Master 14.7 WiPE OUT MEMORIES
50%
FESTiVAL Master 14.7 mystique as iris
48%
FESTiVAL Master 14.7 Sage
46%
FESTiVAL Master 14.7 ジングルベル
42%
No matching quizzes found
Score Distribution
Percent of People with Each Score
Percentile by Number Answered
Your Score History
You have not taken this quiz